Cacti : The Illustrated dictionary
| Main Author: | |
|---|---|
| Format: | Book |
| Published: |
London :
Blanford ,
1992
|
| Subjects: |
MARC
| LEADER | 00000cam a2200000 7i4500 | ||
|---|---|---|---|
| 001 | 0000001746 | ||
| 002 | 000001902 | ||
| 005 | 20000330.0 | ||
| 020 | |a 0713720921 | ||
| 090 | 0 | 0 | |a 583.47 |b PRE |
| 100 | 1 | |a Preston-Mafham, Rod | |
| 245 | 1 | 0 | |a Cacti : |b The Illustrated dictionary |c Rod & Ken Preston-Mafham |
| 260 | |a London : |b Blanford , |c 1992 | ||
| 300 | |a 223p. : |b Illust. ; |c 28 cm. | ||
| 650 | 0 | 0 | |a Cactus |
| 999 | |a 034859 |b BUKU |c PINJAMAN |e PERPUSTAKAAN KOMUNITI PETALING JAYA | ||